Statistics for RWBY Ultimate character quiz

Click here to take the quiz!

General Stats

  • This quiz has been taken 2,576 times
    (414 since last reset)
  • The average score is 61 of 124

Answer Stats

Answers % Correct
Ruby Rose
100%
Blake Belladonna
100%
Yang Xiao Long
100%
Weiss Schnee
99%
Nora Valkyrie
98%
Lie Ren
98%
Jaune Arc
96%
Qrow Branwen
95%
Raven Branwen
94%
Ozpin
93%
Sun Wukong
93%
Summer Rose
93%
Adam Taurus
92%
James Ironwood
91%
Neptune Vasilias
91%
Pyrrha Nikos
91%
Neopolitan
90%
Cinder Fall
89%
Velvet Scarlatina
88%
Coco Adel
87%
Winter Schnee
85%
Salem
84%
Glynda Goodwitch
83%
Taiyang Xiao Long
82%
Roman Torchwick
78%
Cardin Winchester
78%
Emerald Sustrai
78%
Bartholomew Oobleck
77%
Leonardo Lionheart
77%
Mercury Black
77%
Fox Alistair
77%
Peter Port
75%
Neon Katt
75%
Scarlet David
74%
Whitley Schnee
73%
Tyrian Callows
72%
Clover Ebi
71%
Flynt Coal
69%
Yatsuhashi Daichi
68%
Arthur Watts
65%
Penny Polendina
64%
Sage Ayana
63%
Jacques S. (Gelé)
63%
Beowolf
62%
Ilia Amitola
62%
Willow Schnee
61%
Robyn Hill
61%
Hazel Rainart
60%
Marrow Amin
57%
Harriet Bree
56%
Kali Belladonna
55%
Ghira Belladonna
51%
Vine Zeki
51%
Elm Ederne
50%
Sienna Khan
50%
May Marigold
50%
Nevermore
49%
May Zedong
49%
Maria Calavera
46%
Sky Lark
46%
Brawnz Ni
45%
Dove Bronzewing
44%
Russel Thrush
41%
Oscar Pine
41%
Amber (Autumn)
41%
Ursa
40%
Fennec Albain
38%
Reese Chloris
36%
Fiona Thyme
35%
Kobalt
34%
Terra Cotta-Arc
33%
Ozma
32%
Corsac Albain
32%
Octavia Ember
32%
Arslan Altan
32%
Hei 'Junior' Xiong
32%
Death Stalker
31%
Pietro Polendina
31%
Ivori
31%
Apathy
30%
Nolan Porfirio
30%
Nebula Violette
29%
Saphron Cotta-Arc
28%
Roy Stallion
28%
Bolin Hori
28%
Dew Gayl
28%
Gwen Darcy
28%
Nadir Shiko
27%
Wyvern
27%
Klein Sieben
27%
Adrian Cotter-Arc
27%
Joanna Greenleaf
26%
Fria (Winter)
26%
Ciel Soleil
25%
Vernal
25%
Melanie Malachite
24%
Jinn
23%
Lil Miss Malachite
22%
Miltia Malachite
22%
Creep
22%
Goliath
22%
Tukson
21%
Caroline Cordovan
21%
Boarbatusk
21%
Tock
20%
King Taijitu
19%
Griffon
19%
Henry Marigold
18%
Leviathan
18%
Nuckelavee
16%
Geist
16%
Manticore
15%
Sabyr
14%
Lancer
14%
Sea Feilong
14%
Sphinx
13%
Shay D. Mann
13%
Beringel
13%
Megoliath
10%
Seer
9%
Centinel
8%
Councilwoman Camilla
8%
Councilman Sleet
8%
Teryx
7%

Score Distribution

Percentile by Number Answered

Percent of People with Each Score

Your Score History

You have not taken this quiz since the last reset